Todo sobre amuletos y talismanes
Saved in:
| Hovedforfatter: | |
|---|---|
| Format: | Bog |
| Sprog: | spansk |
| Udgivet: |
Barcelona
De Vecchi
1973
|
| Fag: | |
| Tags: |
Tilføj Tag
Ingen Tags, Vær først til at tagge denne postø!
|
MARC
| LEADER | 00000nam a2200000 a 4500 | ||
|---|---|---|---|
| 001 | UCH1878 | ||
| 003 | CL-VaPUC | ||
| 008 | 090514e19730000SP |||||||||||||||||spa|d | ||
| 082 | 0 | 4 | |a 135.4 |b LLA |2 21 |
| 100 | |a Llaugé Dausá, Félix |e autor |9 322798 | ||
| 245 | 1 | 0 | |a Todo sobre amuletos y talismanes |
| 300 | |a 150 p | ||
| 942 | |c BK | ||
| 945 | |d 20090514 00:00:00 |a dcastane | ||
| 260 | |a Barcelona |b De Vecchi |c 1973 | ||
| 650 | 0 | |a Amuletos |9 513463 | |
| 650 | 7 | |a TALISMANES |2 CL-VaPUC |9 514959 | |
| 650 | 7 | |a PIEDRAS MAGICAS |2 CL-VaPUC |9 536460 | |
| 650 | 7 | |a MAGIA |2 CL-VaPUC |9 319651 | |
| 651 | 7 | |a CALDEA |2 CL-VaPUC |9 391415 | |
| 651 | 0 | |a Egipto |9 268199 | |
| 651 | 0 | |a Israel |9 314378 | |
| 651 | 0 | |a Grecia |9 265314 | |
| 651 | 0 | |a Roma |9 255106 | |
| 651 | 0 | |a China |9 257545 | |
| 651 | 7 | |a PERSIA |2 CL-VaPUC |9 316501 | |
| 651 | 0 | |a India |9 267804 | |
| 583 | |a last modification |c 20090514 00:00:00 |k Rodrigo Vera | ||
| 999 | |c 333775 |d 333773 | ||
| 952 | |0 0 |1 0 |4 0 |6 135_400000000000000_LLA_1973 |7 0 |8 X |9 422378 |a FDOBUD |b FDOBUD |d 2019-11-22 |i 4547217 |o 135.4 LLA 1973 |p 4547217 |r 2019-11-22 |w 2019-11-22 |y BK_X |k BUD | ||